| 000 | 00760nam a2200229 i 4500 | ||
|---|---|---|---|
| 001 | 185961 | ||
| 003 | SpMaBN | ||
| 005 | 20260616174605.0 | ||
| 008 | 160830s1987 sp ac |||| |dspa d | ||
| 020 | _a84-376-0649-7 | ||
| 080 | _a830-32"19" | ||
| 100 | 1 |
_aJünger, Ernst, _d1895-1998 _967294 |
|
| 245 | 1 | 3 |
_aEl problema de Aladino / _cErnst Jünger ; edición de Juan Conesa ; traducción de Juan Conesa. |
| 260 |
_aMadrid : _bCátedra, _c[1987] |
||
| 300 |
_a183 p. : _bil., retr. ; _c18 cm. |
||
| 490 | 1 |
_aLetras universales ; _v59 |
|
| 504 | _aBibliografía: p. 81-83. | ||
| 700 | 1 |
_aConesa Sánchez, Juan. _9154277 |
|
| 830 | 0 |
_aLetras universales ; _v59 _9178013 |
|
| 852 |
_aES-MaACL _jL-30581 _z. - Donat. Miguel A. Velasco |
||
| 999 |
_c185961 _d185961 |
||